| 000 | 00656nam a2200169Ia 4500 | ||
|---|---|---|---|
| 008 | 090711s9999 xx 000 0 und d | ||
| 082 | _b90115 | ||
| 100 | _aठक्कर के. एSा. | ||
| 245 | _aअर्थशास्त्राSाी मूलतत्वे ( भा 2 रा ) | ||
| 260 | _c1970 | ||
| 300 | _a375 | ||
| 600 | _aठक्कर के. एSा. | ||
| 630 | _aअर्थशास्त्राSाी मूलतत्वे ( भा 2 रा ) | ||
| 700 | _aठक्कर के. एSा. | ||
| 730 | _aअर्थशास्त्राSाी मूलतत्वे ( भा 2 रा ) | ||
| 942 | _cBOOK | ||
| 999 |
_c293213 _d293213 |
||